00466nam a2200193 a 4500001001300000003000900013005001700022008004100039020002200080082001600102100001900118245002300137260003000160300000800190500003500198505001000233650001000243700001900253nice12345678IN_TiNIC20260116013746.0050524s1998 kota grp 000 0 eng  a8171308 c4800a303.66bROY aRoy, Arundhati aEnd of Imagination aKottayambD.C.Booksc1998 a56p aincludes index and biblioraphy2 aIndex aPeace1 aRoy, Arundhati